[Event "Lichtenberger Sommer 2023"]
[Site "Berlin"]
[Date "2023.08.13"]
[Round "2.74"]
[White "Geiß, Anne"]
[Black "Schumacher, Gerhard"]
[Result "0-1"]
[WhiteElo "1437"]
[BlackElo "1776"]
[PlyCount "94"]
[EventDate "2023.??.??"]
[WhiteTeam "SC Kreuzberg e.V."]
[BlackTeam "Gardez Robe"]

1. e4 d6 2. d4 Nf6 3. Nc3 e5 4. dxe5 dxe5 5. Qxd8+ Kxd8 6. f3 Be6 7. a3 c6 8.
Be3 Nbd7 9. O-O-O Kc7 10. Bd3 Be7 11. Nge2 Rhb8 12. Ng3 g6 13. h3 b5 14. f4 Bd6
15. b4 exf4 16. Bd4 fxg3 17. Rhf1 Ne8 18. Ne2 Be5 19. Be3 a5 20. Nf4 Nd6 21.
Nxe6+ fxe6 22. Bf4 Bxf4+ 23. Rxf4 axb4 24. axb4 Ra1+ 25. Kd2 Rxd1+ 26. Kxd1 Ne5
27. Be2 Kd7 28. Kd2 Ke7 29. Ke3 Ndf7 30. h4 h5 31. Rf1 Rd8 32. c3 Rd7 33. Kf4
Rd2 34. Re1 Rc2 35. Kxg3 Rxc3+ 36. Kf4 Rb3 37. Rc1 Rxb4 38. Rc5 Kd6 39. Rc3 c5
40. Ke3 c4 41. g3 Kc5 42. g4 hxg4 43. Bf1 Rb1 44. Be2 b4 45. Rc2 b3 46. Rc3 Kb4
47. Kd2 Rb2+ 0-1

[Event "Lichtenberger Sommer 2023"]
[Site "Berlin"]
[Date "2023.08.13"]
[Round "2.75"]
[White "Villuela, Roberto"]
[Black "Reekers, Anton"]
[Result "1-0"]
[WhiteElo "1775"]
[BlackElo "1508"]
[PlyCount "61"]
[EventDate "2023.??.??"]
[WhiteTeam "SC Friesen Lichtenberg e.V."]
[BlackTeam "SC Kreuzberg e.V."]

1. Nf3 d5 2. c4 c6 3. b3 Nf6 4. Bb2 Bf5 5. g3 e6 6. Bg2 Bc5 7. O-O O-O 8. d3
Nbd7 9. Nbd2 h6 10. Rc1 Qe7 11. Rc2 Rfe8 12. Ne5 Rad8 13. Qa1 Ba3 14. Re1 Bxb2
15. Qxb2 Nxe5 16. Qxe5 dxc4 17. bxc4 h5 18. Nf3 Bg4 19. h3 Bxf3 20. Bxf3 Qd6
21. Qxd6 Rxd6 22. c5 Rd7 23. Rb1 e5 24. Rcb2 e4 25. dxe4 Nxe4 26. Rxb7 Rxb7 27.
Rxb7 Nxc5 28. Rxa7 g6 29. Rc7 Ra8 30. Rxc6 Ne6 31. Rxe6 1-0

[Event "Lichtenberger Sommer 2023"]
[Site "Berlin"]
[Date "2023.08.13"]
[Round "2.76"]
[White "Zesewitz, Marco"]
[Black "Schilling, Hans"]
[Result "1-0"]
[WhiteElo "1427"]
[BlackElo "1763"]
[PlyCount "35"]
[EventDate "2023.??.??"]
[WhiteTeam "SV SF Friedrichshagen"]
[BlackTeam "SF Nordost Berlin"]

1. e4 e6 2. d4 d5 3. Nd2 c5 4. c3 cxd4 5. cxd4 dxe4 6. Nxe4 Bb4+ 7. Nc3 Ne7 8.
Nf3 O-O 9. Bd3 Ng6 10. h4 Re8 11. h5 e5 12. hxg6 exd4+ 13. Kf1 dxc3 14. gxf7+
Kxf7 15. Ng5+ Kg8 16. Bc4+ Kf8 17. Nxh7+ Ke7 18. Bg5# 1-0

[Event "Lichtenberger Sommer 2023"]
[Site "Berlin"]
[Date "2023.08.13"]
[Round "2.77"]
[White "Adamski, Adam"]
[Black "Koerber, Bernhard"]
[Result "1-0"]
[WhiteElo "1761"]
[BlackElo "1451"]
[PlyCount "55"]
[EventDate "2023.??.??"]
[WhiteTeam "Sparta Bialoleka"]
[BlackTeam "SG Lasker Stegli"]

1. d4 Nf6 2. c4 g6 3. Nc3 d5 4. cxd5 Nxd5 5. e4 Nxc3 6. bxc3 Bg7 7. Bc4 O-O 8.
Ne2 c5 9. O-O cxd4 10. cxd4 e6 11. Be3 b6 12. Qd2 Ba6 13. Rac1 Bxc4 14. Rxc4
Qd7 15. Rfc1 Na6 16. Bh6 Rac8 17. Bxg7 Kxg7 18. Qc3 Rxc4 19. Qxc4 Qb7 20. f3
Rd8 21. Nf4 Rd7 22. d5 Rc7 23. Qd4+ Kg8 24. Rb1 Rd7 25. Nd3 exd5 26. Ne5 Rd6
27. Ng4 g5 28. Nf6+ 1-0

[Event "Lichtenberger Sommer 2023"]
[Site "Berlin"]
[Date "2023.08.13"]
[Round "2.78"]
[White "Oldenburg, Theo"]
[Black "Rausch, Erik"]
[Result "1-0"]
[WhiteElo "1424"]
[BlackElo "1760"]
[PlyCount "33"]
[EventDate "2023.??.??"]
[WhiteTeam "SV Berolina Mitte e.V."]
[BlackTeam "SC Kreuzberg e.V."]

1. e4 c5 2. Nf3 e6 3. d4 cxd4 4. Nxd4 Nc6 5. Nc3 Qc7 6. Be3 a6 7. Qd2 Nf6 8.
O-O-O Bb4 9. f3 O-O 10. h4 d5 11. Bg5 Nd7 12. exd5 exd5 13. Nf5 Nde5 14. Nxg7
d4 15. Bf6 dxc3 16. Qh6 Ng6 17. Nh5 1-0

[Event "Lichtenberger Sommer 2023"]
[Site "Berlin"]
[Date "2023.08.13"]
[Round "2.79"]
[White "Sauer, Jakob"]
[Black "Duppel, Yago"]
[Result "0-1"]
[WhiteElo "1353"]
[BlackElo "1743"]
[PlyCount "108"]
[EventDate "2023.??.??"]
[WhiteTeam "TSG Oberschöneweide e.V."]
[BlackTeam "SV Königsjäger Süd-West e.V."]

1. e4 e6 2. d4 d5 3. e5 c5 4. c3 Nc6 5. Nf3 Qb6 6. a3 Nh6 7. Bd3 Bd7 8. Bc2
cxd4 9. cxd4 Nf5 10. Bxf5 exf5 11. Nc3 Be6 12. b4 h6 13. Bb2 Be7 14. Na4 Qb5
15. Nc3 Qb6 16. Na4 Qd8 17. Rc1 Rc8 18. Nc5 b6 19. Nxe6 fxe6 20. Qa4 Qd7 21.
O-O O-O 22. Qb3 Rc7 23. Rc2 Rfc8 24. Rfc1 b5 25. h3 Nb8 26. Rxc7 Rxc7 27. Rxc7
Qxc7 28. Qc3 Qc4 29. Nd2 Qxc3 30. Bxc3 Kf7 31. Nb3 Nc6 32. Nc5 Bxc5 33. dxc5 f4
34. g4 fxg3 35. fxg3 d4 36. Bb2 Nxe5 37. Kf1 Nc6 38. Ke2 e5 39. Kd3 Ke6 40. Ke4
a5 41. bxa5 Nxa5 42. g4 Nb7 43. c6 Nc5+ 44. Kf3 Kd6 45. g5 Kxc6 46. gxh6 gxh6
47. Kg4 Nd3 48. Ba1 Nf4 49. Bb2 Kd5 50. h4 Nd3 51. Ba1 e4 52. h5 e3 53. Kf3
Ne5+ 54. Ke2 Ke4 0-1

[Event "Lichtenberger Sommer 2023"]
[Site "Berlin"]
[Date "2023.08.13"]
[Round "2.80"]
[White "Kuban, Andreas"]
[Black "Nguyen, Viet Anh"]
[Result "1-0"]
[WhiteElo "1740"]
[BlackElo "1425"]
[PlyCount "55"]
[EventDate "2023.??.??"]
[WhiteTeam "SC Zugzwang 95 e.V."]
[BlackTeam "SC Friesen Lichtenberg e.V."]

1. Nf3 d5 2. g3 Nc6 3. d4 Bf5 4. Bg2 Nf6 5. O-O e6 6. c4 Be7 7. Nc3 dxc4 8. Ne5
Nd5 9. Qa4 O-O 10. Nxc6 bxc6 11. Qxc6 Nb6 12. a4 a5 13. Nb5 Rc8 14. Bd2 Bc2 15.
Bxa5 Bxa4 16. Rxa4 Nxa4 17. Na7 Ra8 18. Bxc7 Qxd4 19. Nb5 Qd2 20. Qxc4 Nxb2 21.
Qg4 Ra4 22. e4 Nd3 23. Bb6 Rb8 24. Be3 Qb2 25. Nc7 Bd6 26. Nxe6 Ra1 27. Bd4
Rxf1+ 28. Bxf1 1-0

[Event "Lichtenberger Sommer 2023"]
[Site "Berlin"]
[Date "2023.08.13"]
[Round "2.81"]
[White "Hauer, Benno"]
[Black "Mayer, Herbert"]
[Result "0-1"]
[WhiteElo "1330"]
[BlackElo "1738"]
[PlyCount "108"]
[EventDate "2023.??.??"]
[WhiteTeam "SVG Saarbrücken 1970 e.V."]
[BlackTeam "SSV Rotation Berlin e.V."]

1. e4 c6 2. d4 d5 3. Nc3 dxe4 4. Nxe4 Bf5 5. Ng3 Bg6 6. h4 h6 7. Nf3 Nd7 8. Bd3
Bxd3 9. Qxd3 e6 10. Bf4 Qa5+ 11. c3 Ngf6 12. O-O Nh5 13. Be5 Nxg3 14. fxg3 Nf6
15. Bxf6 gxf6 16. Nh2 Be7 17. Ng4 f5 18. Ne5 Bd6 19. Rfe1 Qc7 20. Re3 O-O-O 21.
Nc4 Rhg8 22. Nxd6+ Qxd6 23. Rd1 Rg4 24. Rf3 Rdg8 25. Kf2 f4 26. Rxf4 Rxf4+ 27.
gxf4 Qxf4+ 28. Qf3 Qxh4+ 29. Kg1 Qg4 30. Qxg4 Rxg4 31. Rf1 Rg7 32. Rf6 Rh7 33.
Kf2 Kd7 34. Ke3 Ke7 35. Rf3 Rg7 36. g3 Rg5 37. Kf4 Rf5+ 38. Ke4 Rxf3 39. Kxf3
Kf6 40. Kf4 Kg6 41. b3 Kf6 42. a3 Ke7 43. c4 f6 44. c5 b5 45. b4 Kf7 46. Kg4
Kg6 47. Kf4 h5 48. g4 h4 49. Kf3 Kg5 50. Kg2 Kxg4 51. Kh2 f5 52. Kg2 f4 53. a4
a6 54. axb5 axb5 0-1

[Event "Lichtenberger Sommer 2023"]
[Site "Berlin"]
[Date "2023.08.13"]
[Round "2.82"]
[White "Elyounis, Aalaa"]
[Black "Hildebrand, Azat"]
[Result "1-0"]
[WhiteElo "1737"]
[BlackElo "1419"]
[PlyCount "49"]
[EventDate "2023.??.??"]
[WhiteTeam "SC Zitadelle Spandau 1977 e.V."]
[BlackTeam "SC Borussia Lichtenberg"]

1. e4 c6 2. d4 d5 3. exd5 cxd5 4. c4 Nf6 5. Nc3 g6 6. Bg5 e6 7. c5 b6 8. b4 Bd7
9. Nf3 a5 10. Na4 bxc5 11. bxc5 Bg7 12. Bd3 O-O 13. h3 Bxa4 14. Qxa4 Qc7 15.
O-O Nc6 16. Rfe1 Rfb8 17. a3 Na7 18. Ne5 Ne8 19. Bf4 f6 20. Nxg6 e5 21. dxe5
Qxc5 22. exf6 Rb2 23. Rxe8+ Kf7 24. Qd7+ Kxf6 25. Qe6# 1-0

[Event "Lichtenberger Sommer 2023"]
[Site "Berlin"]
[Date "2023.08.13"]
[Round "2.83"]
[White "Lange, Christoph"]
[Black "Stein, Siegfried"]
[Result "0-1"]
[WhiteElo "1320"]
[BlackElo "1730"]
[PlyCount "54"]
[EventDate "2023.??.??"]
[WhiteTeam "TSG Oberschöneweide e.V."]
[BlackTeam "SV Berolina Mitte e.V."]

1. e4 e5 2. Nf3 Nc6 3. Bc4 Bc5 4. O-O Nf6 5. d3 d6 6. c3 Qe7 7. a4 a5 8. Re1 h6
9. h3 g5 10. Nh2 Nd8 11. Be3 Ne6 12. Bxc5 Nxc5 13. b4 Ne6 14. Bxe6 Bxe6 15. b5
h5 16. d4 O-O-O 17. d5 Bd7 18. Nd2 b6 19. c4 Rdg8 20. Nhf1 h4 21. Ne3 g4 22.
hxg4 Nxg4 23. Nf5 Bxf5 24. exf5 Qg5 25. Qf3 Qxd2 26. Re4 Nf6 27. Re3 Qd4 0-1

[Event "Lichtenberger Sommer 2023"]
[Site "Berlin"]
[Date "2023.08.13"]
[Round "2.84"]
[White "Schilly, Hans-Joachim"]
[Black "Biermann, Oliver"]
[Result "1-0"]
[WhiteElo "1687"]
[BlackElo "1174"]
[PlyCount "59"]
[EventDate "2023.??.??"]
[WhiteTeam "SF Siemensstadt"]
[BlackTeam "SC Kreuzberg e.V."]

1. c4 d5 2. cxd5 Nf6 3. Nc3 Nxd5 4. Nf3 Bf5 5. d3 Nf6 6. g3 e6 7. Bg2 c6 8. O-O
Bc5 9. a3 O-O 10. b4 Bb6 11. Bb2 a5 12. Na4 Ba7 13. Qc2 Nbd7 14. h3 h6 15. Nc5
Rb8 16. Nxd7 Qxd7 17. Ne5 Qe7 18. Nc4 Nd5 19. e4 Bxh3 20. Bxh3 Nf6 21. Nxa5 h5
22. Kh2 Ng4+ 23. Bxg4 hxg4 24. Kg2 f6 25. Qe2 Rfe8 26. Qxg4 Rbd8 27. Rad1 g6
28. d4 f5 29. Qxg6+ Kf8 30. Rh1 1-0

[Event "Lichtenberger Sommer 2023"]
[Site "Berlin"]
[Date "2023.08.13"]
[Round "2.85"]
[White "Bade, Heidrun"]
[Black "Zesewitz, Uwe"]
[Result "1-0"]
[WhiteElo "1722"]
[BlackElo "1378"]
[PlyCount "53"]
[EventDate "2023.??.??"]
[WhiteTeam "USV Potsdam e.V., Abt. Schach"]
[BlackTeam "SV SF Friedrichshagen"]

1. e4 d6 2. d4 Nf6 3. Nc3 c6 4. Bd3 Bg4 5. f3 Bh5 6. Nge2 e5 7. d5 Be7 8. O-O
Nbd7 9. Be3 O-O 10. Ng3 Bg6 11. f4 h6 12. Kh1 h5 13. f5 Ng4 14. Bg1 Bh7 15. h3
Ngf6 16. Nxh5 g6 17. Ng3 a6 18. Qf3 Kg7 19. Nce2 cxd5 20. exd5 Nc5 21. Bxc5
dxc5 22. c4 Qd6 23. Nc3 Rae8 24. Nce4 Qc7 25. d6 Bxd6 26. Nxf6 Kxf6 27. fxg6+
1-0

[Event "Lichtenberger Sommer 2023"]
[Site "Berlin"]
[Date "2023.08.13"]
[Round "2.86"]
[White "Schmidt, Alexander Nadvid"]
[Black "Regel, Michael"]
[Result "0-1"]
[WhiteElo "1274"]
[BlackElo "1722"]
[PlyCount "44"]
[EventDate "2023.??.??"]
[WhiteTeam "SK Zehlendorf e.V."]
[BlackTeam "SC Friesen Lichtenberg e.V."]

1. e4 d6 2. d4 Nf6 3. Nc3 g6 4. Nf3 Bg7 5. Bc4 O-O 6. Be3 c6 7. e5 Ne8 8. h3 d5
9. Bb3 f6 10. Ne2 b5 11. a4 b4 12. c4 bxc3 13. bxc3 Ba6 14. Nf4 Nc7 15. Nd2
fxe5 16. Ne2 exd4 17. Nxd4 e5 18. N4f3 Nd7 19. Bg5 Qe8 20. Rb1 Ne6 21. c4 Ndc5
22. cxd5 Nd3+ 0-1

[Event "Lichtenberger Sommer 2023"]
[Site "Berlin"]
[Date "2023.08.13"]
[Round "2.87"]
[White "Potgieter, Edward"]
[Black "Rapp, David"]
[Result "1/2-1/2"]
[WhiteElo "1719"]
[BlackElo "1271"]
[PlyCount "174"]
[EventDate "2023.??.??"]
[WhiteTeam "Johannesburg Metro Chess"]
[BlackTeam "SV Königsjäger Süd-West e.V."]

1. e4 e5 2. Nf3 Nc6 3. Bc4 Bc5 4. c3 Nf6 5. d3 O-O 6. O-O Re8 7. b4 Bb6 8. Qb3
Qe7 9. a4 a6 10. Ba3 d6 11. Nbd2 Be6 12. Rae1 Ba7 13. Qb2 Bxc4 14. Nxc4 b5 15.
Ne3 Qd7 16. Nf5 Ne7 17. Nxe7+ Rxe7 18. a5 c5 19. Qd2 Qc7 20. Qg5 h6 21. Qh4
cxb4 22. Bxb4 Bc5 23. Rc1 Rc8 24. g4 Qa7 25. h3 d5 26. Bxc5 Rxc5 27. Nxe5 Qc7
28. Nf3 dxe4 29. Nd4 exd3 30. Nf5 Re6 31. Rcd1 Rxc3 32. g5 Qe5 33. Nxh6+ gxh6
34. gxf6 Qxf6 35. Qb4 Rc4 36. Qd2 Qg5+ 37. Qxg5+ hxg5 38. Rxd3 Ra4 39. Rd5 Rg6
40. Rc1 Rxa5 41. Rc8+ Kg7 42. Rc7 Ra1+ 43. Kh2 b4 44. Rf5 Rf6 45. Rxg5+ Kh6 46.
Rg2 Ra2 47. Rc4 Rg6 48. Rxb4 a5 49. Rb7 Kg7 50. Ra7 Kf6 51. Ra6+ Kf5 52. Rgxg6
fxg6 53. Kg3 g5 54. Ra8 Ra3+ 55. Kg2 a4 56. Rf8+ Kg6 57. Ra8 Ra1 58. Ra5 a3 59.
Ra6+ Kf5 60. Ra5+ Kf4 61. Ra4+ Ke5 62. Ra5+ Kf6 63. Ra6+ Kg7 64. Ra5 Kh6 65.
Ra6+ Kh5 66. Ra5 a2 67. f4 Kg6 68. Rxg5+ Kf6 69. Ra5 Kg6 70. h4 Kh6 71. f5 Kh5
72. f6+ Kg6 73. Ra6 Rd1 74. Rxa2 Kxf6 75. Ra6+ Kg7 76. h5 Rd7 77. Kf3 Rf7+ 78.
Kg4 Rf6 79. Ra7+ Rf7 80. Ra8 Kh7 81. Ra6 Rg7+ 82. Kf5 Rg1 83. h6 Rh1 84. Kg5
Rg1+ 85. Kh4 Rh1+ 86. Kg3 Rxh6 87. Rxh6+ Kxh6 1/2-1/2

[Event "Lichtenberger Sommer 2023"]
[Site "Berlin"]
[Date "2023.08.13"]
[Round "2.88"]
[White "Fock, Madiha"]
[Black "Lippianowski, Stefan"]
[Result "1-0"]
[WhiteElo "1667"]
[BlackElo "1064"]
[PlyCount "37"]
[EventDate "2023.??.??"]
[WhiteTeam "TSG Oberschöneweide e.V."]
[BlackTeam "SV Mattnetz Berlin e.V."]

1. e4 e5 2. Nf3 Nc6 3. Nc3 Bc5 4. Bc4 Nf6 5. d3 Ng4 6. O-O h5 7. Ng5 Qe7 8.
Bxf7+ Kd8 9. Nd5 Qf8 10. Be3 Nd4 11. c3 Ne6 12. Bxc5 Qxc5 13. Bxe6 dxe6 14.
Nf7+ Kd7 15. Nxh8 exd5 16. exd5 b5 17. Qf3 Bb7 18. Qf5+ Kd6 19. Qe6# 1-0

[Event "Lichtenberger Sommer 2023"]
[Site "Berlin"]
[Date "2023.08.13"]
[Round "2.89"]
[White "Franchina, Giuseppe"]
[Black "Sakalli, Selcuk Orkun"]
[Result "0-1"]
[WhiteElo "1200"]
[BlackElo "1706"]
[PlyCount "70"]
[EventDate "2023.??.??"]
[WhiteTeam "vereinslos"]
[BlackTeam "SC Zugzwang 95 e.V."]

1. e4 e5 2. Nc3 f5 3. exf5 Nf6 4. Bc4 d5 5. Nxd5 Nxd5 6. Qh5+ Ke7 7. d3 Nf6 8.
Qf7+ Kd6 9. Bg5 Qe7 10. Bxf6 Qxf7 11. Bxf7 gxf6 12. g4 Bh6 13. Rd1 Nc6 14. Ne2
Nd4 15. Nc3 Nxc2+ 16. Kf1 Nd4 17. h4 b5 18. g5 fxg5 19. hxg5 Bxg5 20. Ne4+ Ke7
21. Nxg5 Kf6 22. Rh5 Bxf5 23. Bd5 c6 24. Ne4+ Kg6 25. Rg5+ Kh6 26. f3 cxd5 27.
Kf2 dxe4 28. Rg3 Bg6 29. dxe4 Rac8 30. f4 Rc2+ 31. Ke3 Re2+ 32. Kd3 Bxe4+ 33.
Kc3 Rc8+ 34. Kb4 Rc4+ 35. Ka3 Ra4# 0-1

[Event "Lichtenberger Sommer 2023"]
[Site "Berlin"]
[Date "2023.08.13"]
[Round "2.90"]
[White "Bunkens, Rudi"]
[Black "Pawlowski, Lion"]
[Result "1-0"]
[WhiteElo "1694"]
[BlackElo "1200"]
[PlyCount "80"]
[EventDate "2023.??.??"]
[WhiteTeam "Koninklijke Gentse SK"]
[BlackTeam "SC Zugzwang 95 e.V."]

1. d4 d5 2. Nf3 Nf6 3. g3 Bf5 4. c4 e6 5. Bg2 Be7 6. Nc3 O-O 7. Qb3 dxc4 8.
Qxc4 c6 9. O-O Nbd7 10. Re1 Re8 11. e4 Bg4 12. Be3 Rc8 13. Qb3 Qb6 14. Qc2 Bh5
15. Rad1 Qc7 16. Bf4 Qa5 17. a3 e5 18. dxe5 Nxe5 19. Nxe5 Bxd1 20. Rxd1 Rcd8
21. Nd3 Rd7 22. Bh3 Rd4 23. Nc1 Rxd1+ 24. Qxd1 Rd8 25. Qe2 Qh5 26. Qxh5 Nxh5
27. Be3 b6 28. Nb3 Nf6 29. Nd4 Re8 30. Nxc6 Bc5 31. Bxc5 bxc5 32. f3 Kf8 33.
Kf2 a6 34. Ke3 Ng8 35. Bd7 Ra8 36. Nd5 Nf6 37. Nb6 Rd8 38. Nxd8 Nxd7 39. Nxd7+
Ke7 40. Nxc5 Kxd8 1-0

[Event "Lichtenberger Sommer 2023"]
[Site "Berlin"]
[Date "2023.08.13"]
[Round "2.91"]
[White "Knol, Jeffrey"]
[Black "Glienke, Michael"]
[Result "0-1"]
[WhiteElo "1179"]
[BlackElo "1692"]
[PlyCount "40"]
[EventDate "2023.??.??"]
[WhiteTeam "Schaakvereniging Almere"]
[BlackTeam "SC Kreuzberg e.V."]

1. e4 c5 2. Nf3 Nc6 3. d4 cxd4 4. Nxd4 g6 5. Nc3 Bg7 6. Be3 d6 7. Bc4 Bd7 8.
Qd2 Rc8 9. Bb3 Ne5 10. f3 Nc4 11. Bxc4 Rxc4 12. Qd3 Qc8 13. O-O-O a6 14. Rhe1
Nf6 15. a3 b5 16. Bf2 O-O 17. Nb3 Nh5 18. Nd5 Qe8 19. g4 Nf6 20. Nb6 Be6 0-1

[Event "Lichtenberger Sommer 2023"]
[Site "Berlin"]
[Date "2023.08.13"]
[Round "2.92"]
[White "Lippert, Marc"]
[Black "Aßmus, Sven"]
[Result "1/2-1/2"]
[WhiteElo "1103"]
[BlackElo "1683"]
[PlyCount "40"]
[EventDate "2023.??.??"]
[WhiteTeam "SVG Läufer Reinickendorf e.V."]
[BlackTeam "SV Mattnetz Berlin e.V."]

1. e4 c6 2. d4 d5 3. exd5 cxd5 4. Bd3 Nc6 5. Nf3 Bg4 6. Bf4 Nxd4 7. Nbd2 e6 8.
O-O Nf6 9. h3 Bxf3 10. Nxf3 Nxf3+ 11. Qxf3 a6 12. c4 Be7 13. cxd5 Qxd5 14. Be2
Rd8 15. Rfd1 Qc6 16. Qxc6+ bxc6 17. Bxa6 O-O 18. Bc7 Rxd1+ 19. Rxd1 Ra8 20. Bc4
Nd5 1/2-1/2

[Event "Lichtenberger Sommer 2023"]
[Site "Berlin"]
[Date "2023.08.13"]
[Round "2.93"]
[White "Pöltelt, Helmut"]
[Black "Dragnev, Stoyan"]
[Result "1-0"]
[WhiteElo "1673"]
[BlackElo "1100"]
[PlyCount "83"]
[EventDate "2023.??.??"]
[WhiteTeam "SC Eintracht Berlin e.V."]
[BlackTeam "vereinslos"]

1. e4 c6 2. d4 d5 3. e5 Bf5 4. Bd3 e6 5. Bxf5 exf5 6. Qd3 Nh6 7. h3 Qd7 8. f4
Qe6 9. Nf3 Nd7 10. Ng5 Qg6 11. O-O Be7 12. Be3 c5 13. c3 O-O 14. Nd2 a6 15. a4
a5 16. dxc5 Qc6 17. Nb3 b6 18. Nd4 Qg6 19. c6 Nc5 20. Qd1 Ne4 21. Nxe4 dxe4 22.
c7 Rac8 23. Nb5 Qg3 24. Qe2 Bc5 25. Bxc5 bxc5 26. Rad1 e3 27. Rf3 Qh4 28. Qxe3
Ng4 29. hxg4 fxg4 30. Rg3 f5 31. Kf2 Rce8 32. Qxc5 Qe7 33. Qxe7 Rxe7 34. Rgd3
h5 35. Rd8 g3+ 36. Kxg3 h4+ 37. Kf3 Re6 38. Rxf8+ Kxf8 39. Rd8+ Ke7 40. c8=Q
Rg6 41. Rd7+ Ke6 42. Qc6# 1-0

[Event "Lichtenberger Sommer 2023"]
[Site "Berlin"]
[Date "2023.08.13"]
[Round "2.94"]
[White "Reißmann, Edmund"]
[Black "Hieronimus, Matthias"]
[Result "0-1"]
[WhiteElo "1094"]
[BlackElo "1673"]
[PlyCount "68"]
[EventDate "2023.??.??"]
[WhiteTeam "SV Erzgebirge Stollber"]
[BlackTeam "vereinslos"]

1. d4 Nf6 2. Bg5 e6 3. Nf3 d5 4. c4 c6 5. Nc3 Be7 6. e3 a6 7. c5 Nbd7 8. Bd3 h6
9. Bf4 Nh5 10. Ne2 Nxf4 11. Nxf4 Nf6 12. O-O O-O 13. Ne5 Nd7 14. Nf3 b6 15. b4
Bb7 16. Re1 Nf6 17. Rb1 Qc7 18. Ne5 b5 19. Nh5 Nxh5 20. Qxh5 Bf6 21. Ng4 Bg5
22. e4 f5 23. exf5 exf5 24. Ne5 Rf6 25. Rb2 Raf8 26. Rbe2 Kh7 27. Ng4 R6f7 28.
Re8 Rxe8 29. Rxe8 g6 30. Bxf5 Rxf5 31. Qh3 Qf7 32. Re5 Bc8 33. Rxf5 Qxf5 34.
Ne5 Qb1# 0-1

[Event "Lichtenberger Sommer 2023"]
[Site "Berlin"]
[Date "2023.08.13"]
[Round "2.95"]
[White "Mielchen, Marvin"]
[Black "Kreuchauf, Olaf"]
[Result "0-1"]
[WhiteElo "1000"]
[BlackElo "1667"]
[PlyCount "72"]
[EventDate "2023.??.??"]
[WhiteTeam "vereinslos"]
[BlackTeam "SC Eintracht Berlin e.V."]

1. d4 Nf6 2. Bf4 d6 3. h3 g6 4. e3 Bg7 5. Bd3 b6 6. c3 Bb7 7. Nf3 Nbd7 8. Nbd2
e6 9. Qc2 Qe7 10. O-O O-O 11. e4 Rac8 12. e5 Nd5 13. Bh2 dxe5 14. dxe5 Nc5 15.
Ne4 Nxd3 16. Qxd3 Rcd8 17. Nd4 a6 18. a3 b5 19. c4 bxc4 20. Qxc4 Nb6 21. Nc6
Nxc4 22. Nxe7+ Kh8 23. b3 Nxe5 24. Bxe5 Bxe4 25. Bxg7+ Kxg7 26. Rfc1 Rd7 27.
Nc6 f6 28. Rd1 Bxc6 29. Rxd7+ Bxd7 30. Rc1 Rc8 31. a4 c5 32. Rd1 Rc7 33. g4 e5
34. f3 Kf7 35. Kg2 Ke6 36. Kg3 Rc6 0-1

[Event "Lichtenberger Sommer 2023"]
[Site "Berlin"]
[Date "2023.08.13"]
[Round "2.96"]
[White "Udod, Oleksandra"]
[Black "Uhlenbrock, Sven"]
[Result "0-1"]
[WhiteElo "845"]
[BlackElo "1659"]
[PlyCount "47"]
[EventDate "2023.??.??"]
[WhiteTeam "SK Zehlendorf e.V."]
[BlackTeam "vereinslos"]

1. c4 e5 2. Nc3 d6 3. g3 f5 4. Bg2 Nf6 5. d3 Be7 6. Bg5 c6 7. Nf3 O-O 8. O-O
Be6 9. Rb1 Kh8 10. b4 a6 11. Qc2 Nbd7 12. Nd2 h6 13. Bxf6 Nxf6 14. b5 axb5 15.
cxb5 Qc7 16. bxc6 bxc6 17. Nb5 Qa5 18. Bxc6 Rac8 19. Rfc1 Qa6 20. Na7 Qxa7 21.
Rb7 Qxb7 22. Bxb7 Rxc2 23. Rxc2 Rb8 24. Rc7 0-1